Duolingo Dutch Basics 1 quiz - Statistics

General Stats
  • This quiz has been taken 69 times
  • The average score is 20 of 21
Answer Stats
Dutch word English word % Correct
Een A
100%
Appel Apple
100%
Drinkt Drink
100%
Man Man/ Husband
100%
De The
100%
Het The/ It
100%
Brood Bread
98%
Is Is
98%
Melk Milk
98%
Water Water
98%
Hij He
94%
Ze She
94%
Vrouw Woman/ Wife
93%
Je You
93%
Eet Eat
91%
Jongen Boy
89%
Meisje Girl
89%
En And
83%
Sap Juice
81%
Of Or
76%
Bent Are
74%
No matching quizzes found
Score Distribution
Percent of People with Each Score
Percentile by Number Answered
Your Score History
You have not taken this quiz